Report of the select Committee on Mines and Energy on the Build, Own, Operate and Transfer Agreement between the Government of Ghana, Represented by the Ministry of power and the Africa and Middle East Resources Investment Group LLC for the Provision of teof a 250MW fast truck power generation solution by the installation of ten (10) GE TM 2500+ Aero Derivative Gas Turbines in Ghana. (Record no. 1791)

MARC details
000 -LEADER
fixed length control field 01059nam a2200145Ia 4500
008 - FIXED-LENGTH DATA ELEMENTS--GENERAL INFORMATION
fixed length control field 240429s9999||||xx |||||||||||||| ||und||
041 ## - LANGUAGE CODE
Language code of text/sound track or separate title eng
082 ## - DEWEY DECIMAL CLASSIFICATION NUMBER
Classification number CR/GOG&AMERI/15
100 ## - MAIN ENTRY--PERSONAL NAME
Personal name Parliament of Ghana
245 #0 - TITLE STATEMENT
Title Report of the select Committee on Mines and Energy on the Build, Own, Operate and Transfer Agreement between the Government of Ghana, Represented by the Ministry of power and the Africa and Middle East Resources Investment Group LLC for the Provision of teof a 250MW fast truck power generation solution by the installation of ten (10) GE TM 2500+ Aero Derivative Gas Turbines in Ghana.
300 ## - PHYSICAL DESCRIPTION
Extent 8p
650 ## - SUBJECT ADDED ENTRY--TOPICAL TERM
Topical term or geographic name entry element Report of the select Committee on Mines and Energy on the Build, Own, Operate - and Transfer Agreement between the Government of Ghana, Represented by the Ministry - of power and the Africa and Middle East Resources Investment Group LLC for the Provision - of a 250MW fast truck power generation solution by the installation - ten (10) GE TM 2500+ Aero Derivative Gas Turbines in Ghana.
942 ## - ADDED ENTRY ELEMENTS (KOHA)
Koha item type Committee Reports
Holdings
Withdrawn status Lost status Damaged status Not for loan Home library Current library Shelving location Date acquired Total checkouts Full call number Date last seen Copy number Price effective from Koha item type
        Main Library Main Library Open Shelves 23/11/2022   CR/G&AMEI/15 3671 C1 - CR/G&AMEI/15 3672 C2 29/04/2024 1 29/04/2024 Committee Reports
©2026  Parliament of Ghana Library - All rights reserved